000 00534nam a22001817a 4500
005 20251128113551.0
008 251125b |||||||| |||| 00| 0 eng d
020 _a978-81-19613-00-7
041 _aeng
082 _a615.1 KEM-T
100 _aKEMISETTI, DR. DURGA PRASAD
_98815
245 _aTEXTBOOK OF MEDICINAL CHEMISTRY -I :FOR THE STUDENTS OF B. PHARM [4TH SEMESTER]
250 _a1ST ED. 2024
260 _aNEW DELHI
_bINNOVATIVE PUBLICATIONS PVT.LTD
_c2024
300 _a242;P
650 _aPHARMACY
_xB,PHARMA
942 _cBK
999 _c8995
_d8993